[Event "Cellavision Cup 2018"]
[Site "Lund"]
[Date "2018.08.04"]
[Round "6"]
[White "Golubka, Petro"]
[Black "Vernersson, Per"]
[Result "1/2-1/2"]
[WhiteElo "2478"]
[BlackElo "2290"]
[Annotator "TA"]
[PlyCount "45"]
[EventDate "2018.08.03"]
[EventType "swiss"]
[EventCountry "SWE"]
[SourceTitle "playchess.com"]
[Source "ChessBase"]
[SourceQuality "1"]

{[%evp 15,45,-8,-10,-70,-42,-42,0,-64,-68,-87,-73,-75,-52,-72,-40,-52,-56,-82,0,0,0,0,0,0,0,0,0,0,0,0,0,0]} 1. c4 e6 2. d4 d5 3. Nc3 Nf6 4. Nf3 Be7 5. Bg5 Nbd7 6. e3 O-O 7. Qc2 c5 8. O-O-O cxd4 {LiveBook: 14 Games} 9. exd4 {D61: Queen's Gambit Declined: Classical: 7 Qc2} (9. Nxd4 $11 Nb6 10. Kb1) (9. Rxd4 Qa5 10. cxd5 exd5 11. h4 Nb6 12. Rf4 Bd6 13. Rxf6 gxf6 14. Bxf6 Nd7 15. Qf5 {1-0 (15) Hillarp Persson,T (2493)-Arencibia Rodriguez,W (2521) Bled 2002}) 9... dxc4 10. Bxc4 a6 11. Kb1 (11. d5 $11 Nxd5 12. Bxe7 Nxe7 13. Ng5) 11... b5 $15 {[%cal Bb7b5,Bb5b4][%mdl 32]} 12. Bd3 Bb7 13. Ne5 $146 ({Predecessor:} 13. Rdg1 Rc8 14. Qe2 b4 15. Ne4 b3 16. a3 Bxe4 17. Bxe4 Nxe4 18. Bxe7 Qxe7 19. Qxe4 {½-½ (29) Eisengraeber Pabst,A-Hansch,T DESC email 2000}) 13... h6 (13... Bxg2 $2 14. Rhg1 $18) 14. h4 b4 (14... Bxg2 15. Rhg1 $18) 15. Na4 Rc8 (15... hxg5 16. hxg5 b3 17. axb3 $18) 16. Qe2 Nxe5 (16... hxg5 17. hxg5 Qa5 18. gxf6 $18) (16... Bxg2 17. Rhg1 $16) (16... Re8 $17 17. Nxd7 Nxd7 18. Bxe7 Qxe7) 17. dxe5 $11 {The position is equal.} Nd5 {[#]} 18. Bxh6 $1 {[%mdl 512]} gxh6 19. Qg4+ Kh8 {White must now prevent ...Rg8.} 20. Qh5 Kg7 {Hoping for ...Rh8.} 21. Qg4+ Kh8 22. Qh5 Kg7 {[#] ...Rh8 is the strong threat.} 23. Qg4+ {Precision: White = 61%, Black = 57%.} 1/2-1/2

[Event "Cellavision Cup 2018"]
[Site "Lund"]
[Date "2018.08.04"]
[Round "6"]
[White "Johansson, Linus"]
[Black "Kristensen, Kaare Hove"]
[Result "1/2-1/2"]
[WhiteElo "2457"]
[BlackElo "2342"]
[Annotator "ChessBase"]
[PlyCount "82"]
[EventDate "2018.08.03"]
[EventType "swiss"]
[EventCountry "SWE"]
[SourceTitle "playchess.com"]
[Source "ChessBase"]
[SourceQuality "1"]
[TimeControl "5400+30"]

1. c4 {[%emt 0:00:00]} Nf6 {[%emt 0:00:55]} 2. Nc3 {[%emt 0:00:00]} c5 {[%emt 0:01:36]} 3. Nf3 {[%emt 0:00:13]} e6 {[%emt 0:03:08]} 4. e4 {[%emt 0:00:53]} Nc6 {[%emt 0:03:41]} 5. Be2 {[%emt 0:00:05]} d5 {[%emt 0:01:24]} 6. cxd5 {[%emt 0:00:04]} exd5 {[%emt 0:00:10]} 7. e5 {[%emt 0:00:02]} Ne4 {[%emt 0:03:15]} 8. O-O {[%emt 0:03:35]} Be7 {[%emt 0:01:36]} 9. d4 {[%emt 0:07:55]} cxd4 {[%emt 0:06:44]} 10. Nb5 {[%emt 0:00:12]} O-O {[%emt 0:01:17]} 11. Nbxd4 {[%emt 0:00:04]} Bc5 {[%emt 0:08:05]} 12. Be3 {[%emt 0:01:44]} Qb6 {[%emt 0:05:54]} 13. Nxc6 {[%emt 0:00:17]} bxc6 {[%emt 0:01:11]} 14. Bxc5 {[%emt 0:00:06]} Qxc5 {[%emt 0:02:20]} 15. Rc1 {[%emt 0:00:11]} Qb6 {[%emt 0:00:14]} 16. Rc2 {[%emt 0:02:33]} Rd8 {[%emt 0:07:22]} 17. Bd3 {[%emt 0:03:24]} Ba6 {[%emt 0:02:00]} 18. Bxa6 {[%emt 0:03:19]} Qxa6 {[%emt 0:00:09]} 19. b4 {[%emt 0:00:03]} d4 {[%emt 0:07:05]} 20. Qc1 {[%emt 0:02:20]} d3 {[%emt 0:04:32]} 21. Rxc6 {[%emt 0:01:13]} Qxa2 {[%emt 0:00:10]} 22. e6 {[%emt 0:20:55]} d2 {[%emt 0:10:43]} 23. exf7+ {[%emt 0:00:11]} Kxf7 {[%emt 0:05:32]} 24. Qd1 {[%emt 0:03:21]} Kg8 {[%emt 0:03:16]} 25. h4 {[%emt 0:06:55]} Rac8 {[%emt 0:08:38]} 26. Rxc8 {[%emt 0:04:04]} Rxc8 {[%emt 0:00:06]} 27. Qe2 {[%emt 0:00:05]} Rc1 {[%emt 0:04:34]} 28. Qxe4 {[%emt 0:02:49]} Rxf1+ {[%emt 0:00:27]} 29. Kh2 {[%emt 0:00:04]} Kh8 {[%emt 0:02:13]} 30. Nxd2 {[%emt 0:05:41]} Rxf2 {[%emt 0:01:25]} 31. Nc4 {[%emt 0:00:04]} h6 {[%emt 0:03:08]} 32. Qe8+ {[%emt 0:06:28]} Kh7 {[%emt 0:00:02]} 33. Qe4+ {[%emt 0:00:07]} Kh8 {[%emt 0:00:02]} 34. Qe8+ {[%emt 0:00:06]} Kh7 {[%emt 0:00:06]} 35. Qe4+ {[%emt 0:00:04]} Kg8 {[%emt 0:00:12]} 36. Qe6+ {[%emt 0:01:48]} Rf7 {[%emt 0:00:20]} 37. h5 {[%emt 0:00:03]} Qb3 {[%emt 0:01:12]} 38. Qe8+ {[%emt 0:00:39]} Rf8 {[%emt 0:00:13]} 39. Qe6+ {[%emt 0:00:06]} Rf7 {[%emt 0:00:15]} 40. Qe8+ {[%emt 0:00:06]} Rf8 {[%emt 0:00:04]} 41. Qe6+ {[%emt 0:00:05]} Rf7 {[%emt 0:03:45]} 1/2-1/2

[Event "Cellavision Cup 2018"]
[Site "Lund"]
[Date "2018.08.04"]
[Round "6"]
[White "Himanshu, Sharma"]
[Black "Jogstad, Martin"]
[Result "1/2-1/2"]
[WhiteElo "2436"]
[BlackElo "2312"]
[Annotator "NA"]
[PlyCount "134"]
[EventDate "2018.08.03"]
[EventType "swiss"]
[EventCountry "SWE"]
[SourceTitle "playchess.com"]
[Source "ChessBase"]
[SourceQuality "1"]
[TimeControl "5400+30"]

1. e4 {[%emt 0:00:00]} c5 {[%emt 0:00:00]} 2. Nc3 {[%emt 0:00:06]} e6 {[%emt 0:00:07]} 3. Nf3 {[%emt 0:00:15]} Nc6 {[%emt 0:00:13]} 4. d4 {[%emt 0:00:06]} cxd4 {[%emt 0:00:10]} 5. Nxd4 {[%emt 0:00:05]} Qc7 {[%emt 0:00:15]} 6. Be3 {[%emt 0:00:56]} a6 {[%emt 0:00:14]} 7. Qd2 {[%emt 0:03:15]} Nf6 {[%emt 0:01:23]} 8. O-O-O {[%emt 0:00:28]} Be7 {[%emt 0:04:43]} 9. f3 {[%emt 0:04:07]} b5 {[%emt 0:02:09]} 10. g4 {[%emt 0:03:08]} Nxd4 {[%emt 0:01:17]} 11. Qxd4 {[%emt 0:03:11]} Bb7 {[%emt 0:02:21]} 12. Qb6 {[%emt 0:03:55]} Qxb6 {[%emt 0:04:58]} 13. Bxb6 {[%emt 0:00:02]} b4 {[%emt 0:03:30]} 14. Ne2 {[%emt 0:01:24]} Rc8 {[%emt 0:01:31]} 15. Bg2 {[%emt 0:00:45]} d5 {[%emt 0:01:04]} 16. e5 {[%emt 0:00:44]} Nd7 {[%emt 0:00:30]} 17. Bd4 {[%emt 0:00:06]} a5 {[%emt 0:01:20]} 18. f4 {[%emt 0:00:41]} Ba6 {[%emt 0:00:59]} 19. Ng3 {[%emt 0:00:31]} Bc5 {[%emt 0:01:18]} 20. Rhe1 {[%emt 0:06:09]} O-O {[%emt 0:04:29]} 21. Bf1 {[%emt 0:05:26]} Bxf1 {[%emt 0:00:36]} 22. Nxf1 {[%emt 0:00:05]} Bxd4 {[%emt 0:01:23]} 23. Rxd4 {[%emt 0:00:04]} Nc5 {[%emt 0:01:59]} 24. Kb1 {[%emt 0:06:26]} Rc7 {[%emt 0:02:58]} 25. Ng3 {[%emt 0:00:50]} Rfc8 {[%emt 0:14:40]} 26. h4 {[%emt 0:03:20]} Na4 {[%emt 0:10:29]} 27. Re2 {[%emt 0:01:07]} Nb6 {[%emt 0:07:20]} 28. b3 {[%emt 0:02:38]} Rc3 {[%emt 0:01:00]} 29. Rd3 {[%emt 0:00:08]} d4 {[%emt 0:08:38]} 30. Red2 {[%emt 0:00:29]} Rxd3 {[%emt 0:08:53]} 31. Rxd3 {[%emt 0:00:05]} Rc3 {[%emt 0:02:53]} 32. Ne2 {[%emt 0:01:06]} Rxd3 {[%emt 0:01:20]} 33. cxd3 {[%emt 0:00:04]} Nd5 {[%emt 0:00:06]} 34. Nxd4 {[%emt 0:14:46]} Nxf4 {[%emt 0:00:09]} 35. Kc2 {[%emt 0:00:03]} Nd5 {[%emt 0:00:36]} 36. Nc6 {[%emt 0:02:26]} h5 {[%emt 0:01:30]} 37. gxh5 {[%emt 0:05:02]} Kh7 {[%emt 0:00:37]} 38. Nd8 {[%emt 0:00:39]} Kh6 {[%emt 0:00:28]} 39. Nxf7+ {[%emt 0:00:13]} Kxh5 {[%emt 0:00:07]} 40. Nd8 {[%emt 0:00:13]} Nc7 {[%emt 0:03:48]} 41. Kd2 {[%emt 0:03:10]} Kxh4 {[%emt 0:00:05]} 42. Ke3 {[%emt 0:00:20]} g5 {[%emt 0:00:43]} 43. Kf2 {[%emt 0:00:16]} Kh3 {[%emt 0:02:55]} 44. Kg1 {[%emt 0:00:59]} g4 {[%emt 0:01:10]} 45. Nf7 {[%emt 0:03:46]} Kg3 {[%emt 0:01:31]} 46. d4 {[%emt 0:00:04]} Kf4 {[%emt 0:00:34]} 47. Kg2 {[%emt 0:00:38]} Ke4 {[%emt 0:02:33]} 48. Nd8 {[%emt 0:00:45]} Kxd4 {[%emt 0:00:48]} 49. Nc6+ {[%emt 0:00:04]} Ke4 {[%emt 0:01:20]} 50. Kg3 {[%emt 0:00:03]} Nd5 {[%emt 0:00:20]} 51. Kxg4 {[%emt 0:00:35]} Nc3 {[%emt 0:00:11]} 52. Kg5 {[%emt 0:01:21]} Nxa2 {[%emt 0:00:27]} 53. Kf6 {[%emt 0:00:03]} Kd5 {[%emt 0:01:17]} 54. Nxa5 {[%emt 0:01:04]} Nc3 {[%emt 0:00:17]} 55. Nc4 {[%emt 0:00:18]} Ne4+ {[%emt 0:00:05]} 56. Ke7 {[%emt 0:01:44]} Nc5 {[%emt 0:00:02]} 57. Kf6 {[%emt 0:00:25]} Nd7+ {[%emt 0:00:44]} 58. Ke7 {[%emt 0:00:16]} Nc5 {[%emt 0:00:03]} 59. Kf6 {[%emt 0:00:05]} Nxb3 {[%emt 0:01:37]} 60. Ne3+ {[%emt 0:00:10]} Kc5 {[%emt 0:00:39]} 61. Kxe6 {[%emt 0:00:44]} Nd4+ {[%emt 0:00:15]} 62. Kf6 {[%emt 0:00:23]} b3 {[%emt 0:00:08]} 63. Nd1 {[%emt 0:00:42]} Kd5 {[%emt 0:00:39]} 64. Ne3+ {[%emt 0:01:29]} Ke4 {[%emt 0:00:31]} 65. Nd1 {[%emt 0:00:22]} Kd5 {[%emt 0:00:28]} 66. Ne3+ {[%emt 0:00:04]} Kc5 {[%emt 0:00:25]} 67. Nd1 {[%emt 0:00:03]} Kd5 {[%emt 0:01:08]} 1/2-1/2

[Event "Cellavision Cup 2018"]
[Site "Lund"]
[Date "2018.08.04"]
[Round "6"]
[White "Sjodahl, Pontus"]
[Black "Grandelius, Nils"]
[Result "0-1"]
[WhiteElo "2404"]
[BlackElo "2658"]
[Annotator "TA"]
[PlyCount "54"]
[EventDate "2018.08.03"]
[EventType "swiss"]
[EventCountry "SWE"]
[SourceTitle "playchess.com"]
[Source "ChessBase"]
[SourceQuality "1"]

{[%evp 22,54,-1,-27,-10,-18,-16,-36,-43,-56,-38,-73,-62,-27,-7,-181,-191,-192,-189,-189,-189,-182,-182,-241,-235,-239,-235,-229,-208,-213,-151,-227,-232,-290,-291]} 1. d4 {Marin,M} d5 2. c4 e6 3. Nc3 c6 4. e3 Nf6 5. Nf3 Nbd7 6. Bd2 Bd6 7. Bd3 O-O 8. O-O dxc4 9. Bxc4 e5 10. Qc2 h6 {D46: Damengambit (Halbslawisch)} 11. h3 Re8 12. Bb3 {LiveBook: 6 Partien} a5 $146 {Schwarz hat minimalen Vorteil.} ({Vorgänger:} 12... e4 13. Nh4 Bb8 14. Nf5 Nb6 15. Ng3 Bxg3 16. fxg3 Be6 17. g4 Bc4 18. Bxc4 Nxc4 {0-1 (70) Gustafsson,J (2629)-Ponomariov,R (2726) Dortmund 2012 CBM 150 [Marin,M]}) 13. a3 Bb8 14. dxe5 Nxe5 15. Nxe5 Rxe5 16. e4 Rh5 17. Be3 Ng4 $40 {[%mdl 128] [#] Und weiter mit ...Dd6 wäre nett. Weiss muss sich nun genau verteidigen.} 18. Qe2 $2 (18. Ne2 $11 {und Weiss muss sich keine Sorgen machen.}) 18... Qc7 $19 {[%csl Gb8,Gg4][%cal Rc7h2]} 19. f4 Nxe3 20. Qxh5 {Droht Tf3 und aus.} Nxf1 21. Kxf1 a4 22. Nxa4 (22. Ba2 $142) 22... Qxf4+ 23. Qf3 Qxf3+ 24. gxf3 Bxh3+ 25. Ke2 Be5 26. Nb6 (26. Rh1 $17 {ist eine bessere Verteidigung.} Be6 27. Bxe6 fxe6 28. Nb6) 26... Rd8 27. Rh1 Bg2 {Precision: Weiß = 30%, Schwarz = 64%.} 0-1

[Event "Cellavision Cup 2018"]
[Site "Lund"]
[Date "2018.08.04"]
[Round "6"]
[White "Strange, Mikkel"]
[Black "Hansen, Sune Berg"]
[Result "1/2-1/2"]
[WhiteElo "2370"]
[BlackElo "2589"]
[Annotator "ChessBase"]
[PlyCount "86"]
[EventDate "2018.08.03"]
[EventType "swiss"]
[EventCountry "SWE"]
[SourceTitle "playchess.com"]
[Source "ChessBase"]
[SourceQuality "1"]
[TimeControl "5400+30"]

1. e4 {[%emt 0:00:00]} c5 {[%emt 0:00:00]} 2. c3 {[%emt 0:00:00]} Nf6 {[%emt 0:00:00]} 3. e5 {[%emt 0:00:00]} Nd5 {[%emt 0:00:00]} 4. d4 {[%emt 0:00:00]} cxd4 {[%emt 0:00:33]} 5. cxd4 {[%emt 0:00:00]} d6 {[%emt 0:00:42]} 6. Nf3 {[%emt 0:00:01]} Nc6 {[%emt 0:01:03]} 7. Bc4 {[%emt 0:00:06]} dxe5 {[%emt 0:00:08]} 8. Nxe5 {[%emt 0:02:15]} e6 {[%emt 0:01:19]} 9. O-O {[%emt 0:05:28]} Be7 {[%emt 0:01:08]} 10. a3 {[%emt 0:10:38]} O-O {[%emt 0:01:23]} 11. Nxc6 {[%emt 0:02:25]} bxc6 {[%emt 0:00:07]} 12. Bd3 {[%emt 0:02:20]} g6 {[%emt 0:06:26]} 13. Nd2 {[%emt 0:11:54]} Nf4 {[%emt 0:05:59]} 14. Nf3 {[%emt 0:02:44]} Nxd3 {[%emt 0:00:52]} 15. Qxd3 {[%emt 0:00:07]} Qd5 {[%emt 0:07:01]} 16. Re1 {[%emt 0:05:09]} f6 {[%emt 0:03:30]} 17. Bd2 {[%emt 0:05:02]} a5 {[%emt 0:06:33]} 18. Rac1 {[%emt 0:00:45]} Bd6 {[%emt 0:09:28]} 19. Qe4 {[%emt 0:04:28]} Bd7 {[%emt 0:02:56]} 20. Bf4 {[%emt 0:04:23]} Qxe4 {[%emt 0:09:44]} 21. Rxe4 {[%emt 0:00:21]} Bxf4 {[%emt 0:16:02]} 22. Rxf4 {[%emt 0:00:30]} Rab8 {[%emt 0:00:06]} 23. Rc2 {[%emt 0:01:32]} Rb5 {[%emt 0:01:01]} 24. Rd2 {[%emt 0:08:18]} g5 {[%emt 0:02:37]} 25. Re4 {[%emt 0:00:33]} Rd8 {[%emt 0:01:26]} 26. h4 {[%emt 0:01:19]} h6 {[%emt 0:00:13]} 27. hxg5 {[%emt 0:01:01]} hxg5 {[%emt 0:01:17]} 28. Ne1 {[%emt 0:04:18]} Kf7 {[%emt 0:01:56]} 29. f4 {[%emt 0:01:36]} Bc8 {[%emt 0:06:10]} 30. fxg5 {[%emt 0:00:40]} Rxg5 {[%emt 0:00:14]} 31. Nf3 {[%emt 0:00:46]} Rgd5 {[%emt 0:02:50]} 32. Rf2 {[%emt 0:01:44]} Ke7 {[%emt 0:00:58]} 33. Rh4 {[%emt 0:00:23]} Rf8 {[%emt 0:00:35]} 34. Rh7+ {[%emt 0:00:14]} Rf7 {[%emt 0:01:26]} 35. Rxf7+ {[%emt 0:01:05]} Kxf7 {[%emt 0:00:05]} 36. Rc2 {[%emt 0:03:07]} Bb7 {[%emt 0:02:43]} 37. Kf2 {[%emt 0:02:09]} Ke7 {[%emt 0:00:38]} 38. Ke3 {[%emt 0:00:18]} Rb5 {[%emt 0:00:49]} 39. Nd2 {[%emt 0:01:53]} e5 {[%emt 0:00:45]} 40. dxe5 {[%emt 0:02:29]} Rxe5+ {[%emt 0:00:09]} 41. Kf2 {[%emt 0:00:58]} Rf5+ {[%emt 0:02:14]} 42. Nf3 {[%emt 0:00:55]} Kd6 {[%emt 0:00:48]} 43. Ke3 {[%emt 0:00:46]} c5 {[%emt 0:01:04] Ke4 Ke5+} 1/2-1/2

[Event "Cellavision Cup 2018"]
[Site "Lund"]
[Date "2018.08.04"]
[Round "6"]
[White "Seo, Jung Min"]
[Black "Hillarp Persson, Tiger"]
[Result "0-1"]
[WhiteElo "2356"]
[BlackElo "2542"]
[Annotator "ChessBase"]
[PlyCount "102"]
[EventDate "2018.08.03"]
[EventType "swiss"]
[EventCountry "SWE"]
[SourceTitle "playchess.com"]
[Source "ChessBase"]
[SourceQuality "1"]
[TimeControl "5400+30"]

1. d4 {[%emt 0:00:00]} Nf6 {[%emt 0:02:50]} 2. Bg5 {[%emt 0:00:53]} d5 {[%emt 0:03:03]} 3. Nd2 {[%emt 0:01:08]} a6 {[%emt 0:02:09]} 4. e3 {[%emt 0:06:28]} e6 {[%emt 0:04:26]} 5. Ngf3 {[%emt 0:03:58]} h6 {[%emt 0:01:52]} 6. Bh4 {[%emt 0:02:50]} Nbd7 {[%emt 0:03:20]} 7. Bd3 {[%emt 0:01:50]} c5 {[%emt 0:07:13]} 8. c3 {[%emt 0:02:01]} cxd4 {[%emt 0:01:50]} 9. cxd4 {[%emt 0:07:15]} Bd6 {[%emt 0:01:28]} 10. O-O {[%emt 0:01:33]} O-O {[%emt 0:01:39]} 11. Rc1 {[%emt 0:01:17]} b6 {[%emt 0:01:38]} 12. Qc2 {[%emt 0:10:09]} Bb7 {[%emt 0:00:56]} 13. Qb1 {[%emt 0:00:59]} Rc8 {[%emt 0:15:31]} 14. Rxc8 {[%emt 0:01:42]} Qxc8 {[%emt 0:00:44]} 15. Rc1 {[%emt 0:00:37]} Qb8 {[%emt 0:00:45]} 16. Bg3 {[%emt 0:04:42]} Bxg3 {[%emt 0:00:09]} 17. hxg3 {[%emt 0:00:06]} Rc8 {[%emt 0:01:31]} 18. Rxc8+ {[%emt 0:00:11]} Qxc8 {[%emt 0:00:11]} 19. Qc2 {[%emt 0:00:21]} Qxc2 {[%emt 0:02:52]} 20. Bxc2 {[%emt 0:00:04]} a5 {[%emt 0:00:37]} 21. Bd3 {[%emt 0:05:41]} Kf8 {[%emt 0:00:55]} 22. Kf1 {[%emt 0:00:10]} Ke7 {[%emt 0:00:07]} 23. Ke2 {[%emt 0:00:18]} Ne8 {[%emt 0:04:31]} 24. g4 {[%emt 0:02:38]} g5 {[%emt 0:00:15]} 25. Ne5 {[%emt 0:06:43]} Nb8 {[%emt 0:00:52]} 26. Nb1 {[%emt 0:02:10]} f6 {[%emt 0:01:43]} 27. Nf3 {[%emt 0:00:43]} Nd6 {[%emt 0:00:45]} 28. Nc3 {[%emt 0:01:41]} Bc6 {[%emt 0:02:26]} 29. a4 {[%emt 0:02:53]} Be8 {[%emt 0:02:14]} 30. Nb5 {[%emt 0:07:39]} Nc6 {[%emt 0:02:55]} 31. Nxd6 {[%emt 0:00:38]} Kxd6 {[%emt 0:00:08]} 32. Bb5 {[%emt 0:01:33]} Bd7 {[%emt 0:05:11]} 33. b3 {[%emt 0:02:01]} e5 {[%emt 0:02:34]} 34. Nh2 {[%emt 0:01:57]} exd4 {[%emt 0:14:10]} 35. Bxc6 {[%emt 0:00:23]} Kxc6 {[%emt 0:00:07]} 36. exd4 {[%emt 0:00:10]} b5 {[%emt 0:00:53]} 37. axb5+ Kxb5 {[%emt 0:00:10]} 38. Kd2 {[%emt 0:22:36]} Kb4 {[%emt 0:00:14]} 39. Kc2 {[%emt 0:00:00]} Bc8 {[%emt 0:00:12]} 40. Kb2 {[%emt 0:00:32]} Ba6 {[%emt 0:00:11]} 41. Kc2 {[%emt 0:00:44]} Be2 {[%emt 0:00:52]} 42. g3 {[%emt 0:00:37]} Ba6 {[%emt 0:00:55]} 43. Nf3 {[%emt 0:00:20]} Bc8 {[%emt 0:00:13]} 44. Nh2 {[%emt 0:00:24]} Bd7 {[%emt 0:00:24]} 45. Kb2 {[%emt 0:00:11]} Bb5 {[%emt 0:00:09]} 46. Kc2 {[%emt 0:00:14]} Be2 {[%emt 0:00:11]} 47. Kd2 {[%emt 0:00:58]} Kxb3 {[%emt 0:01:11]} 48. Kxe2 {[%emt 0:00:04]} a4 {[%emt 0:00:10]} 49. Nf3 {[%emt 0:00:08]} a3 {[%emt 0:00:07]} 50. Kd3 {[%emt 0:00:07]} a2 {[%emt 0:00:13]} 51. Nd2+ {[%emt 0:00:01]} Kb4 {[%emt 0:00:30]} 0-1

[Event "Cellavision Cup 2018"]
[Site "Lund"]
[Date "2018.08.04"]
[Round "6"]
[White "Bellon Lopez, Juan Manuel"]
[Black "Sivuk, Vitaly"]
[Result "0-1"]
[WhiteElo "2342"]
[BlackElo "2535"]
[Annotator "ChessBase"]
[PlyCount "110"]
[EventDate "2018.08.03"]
[EventType "swiss"]
[EventCountry "SWE"]
[SourceTitle "playchess.com"]
[Source "ChessBase"]
[SourceQuality "1"]
[TimeControl "5400+30"]

1. d4 {[%emt 0:00:00]} d5 {[%emt 0:00:13]} 2. Bf4 {[%emt 0:00:04]} c5 {[%emt 0:00:14]} 3. e3 {[%emt 0:00:16]} cxd4 {[%emt 0:00:18]} 4. exd4 {[%emt 0:00:08]} Nc6 {[%emt 0:00:07]} 5. c3 {[%emt 0:00:36]} Bf5 {[%emt 0:00:13]} 6. Nf3 {[%emt 0:01:43]} e6 {[%emt 0:00:58]} 7. Ne5 {[%emt 0:05:06]} Bd6 {[%emt 0:04:00]} 8. Nxc6 {[%emt 0:15:22]} bxc6 {[%emt 0:00:09]} 9. Bxd6 {[%emt 0:00:04]} Qxd6 {[%emt 0:00:07]} 10. Bd3 {[%emt 0:00:01]} Ne7 {[%emt 0:00:57]} 11. Bxf5 {[%emt 0:00:23]} Nxf5 {[%emt 0:00:07]} 12. Nd2 {[%emt 0:00:18]} O-O {[%emt 0:01:00]} 13. O-O {[%emt 0:02:55]} c5 {[%emt 0:01:45]} 14. dxc5 {[%emt 0:03:19]} Qxc5 {[%emt 0:00:30]} 15. Nb3 {[%emt 0:00:48]} Qb6 {[%emt 0:00:53]} 16. Rb1 {[%emt 0:03:23]} Rfc8 {[%emt 0:02:39]} 17. Qd3 {[%emt 0:02:11]} Rc4 {[%emt 0:02:24]} 18. Nd2 {[%emt 0:01:15]} Ra4 {[%emt 0:00:32]} 19. a3 {[%emt 0:00:12]} Rc8 {[%emt 0:02:17]} 20. Ra1 {[%emt 0:14:11]} h6 {[%emt 0:04:27]} 21. b3 {[%emt 0:01:00]} Rg4 {[%emt 0:01:28]} 22. Qh3 {[%emt 0:08:30]} Rf4 {[%emt 0:07:05]} 23. Qd3 {[%emt 0:05:26]} Nd6 {[%emt 0:01:17]} 24. g3 {[%emt 0:01:17]} Rf5 {[%emt 0:01:58]} 25. Rac1 {[%emt 0:06:06]} a5 {[%emt 0:09:11]} 26. a4 {[%emt 0:01:01]} Ne4 {[%emt 0:01:30]} 27. Nxe4 {[%emt 0:04:37]} dxe4 {[%emt 0:00:09]} 28. Qxe4 {[%emt 0:03:15]} Qxb3 {[%emt 0:00:20]} 29. Rfd1 {[%emt 0:01:57]} Rxc3 {[%emt 0:04:06]} 30. Rd8+ {[%emt 0:12:34]} Kh7 {[%emt 0:00:30]} 31. Rxc3 {[%emt 0:00:11]} Qxc3 {[%emt 0:00:06]} 32. Kg2 {[%emt 0:02:27]} Qb2 {[%emt 0:01:15]} 33. Qd4 {[%emt 0:01:19]} Qxd4 {[%emt 0:06:04]} 34. Rxd4 {[%emt 0:00:34]} g5 {[%emt 0:00:35]} 35. Rd7 {[%emt 0:00:33]} Kg6 {[%emt 0:00:28]} 36. Ra7 {[%emt 0:00:07]} g4 {[%emt 0:02:03]} 37. h3 {[%emt 0:01:24]} h5 {[%emt 0:00:56]} 38. hxg4 {[%emt 0:00:10]} hxg4 {[%emt 0:00:02]} 39. Ra8 {[%emt 0:00:22]} Rc5 {[%emt 0:01:36]} 40. Ra7 {[%emt 0:00:39]} f6 {[%emt 0:00:10]} 41. Ra6 {[%emt 0:00:45]} Kf5 {[%emt 0:00:19]} 42. Kf1 {[%emt 0:00:09]} Re5 {[%emt 0:01:46]} 43. Rc6 {[%emt 0:00:20]} Kg5 {[%emt 0:00:52]} 44. Rb6 {[%emt 0:01:44]} f5 {[%emt 0:02:16]} 45. Ra6 {[%emt 0:00:02]} Kf6 {[%emt 0:00:12]} 46. Kg2 {[%emt 0:00:11]} Rc5 {[%emt 0:00:51]} 47. f4 {[%emt 0:01:01]} gxf3+ {[%emt 0:01:44]} 48. Kxf3 {[%emt 0:00:01]} Ke5 {[%emt 0:00:13]} 49. Ke3 {[%emt 0:01:27]} Kd5 {[%emt 0:00:50]} 50. Kd3 {[%emt 0:00:12]} e5 {[%emt 0:01:40]} 51. Rb6 {[%emt 0:01:55]} e4+ {[%emt 0:01:33]} 52. Kd2 {[%emt 0:00:13]} Kd4 {[%emt 0:00:22]} 53. Ra6 {[%emt 0:00:47]} e3+ {[%emt 0:01:36]} 54. Ke2 {[%emt 0:01:21]} Rc2+ {[%emt 0:00:07]} 55. Kf1 {[%emt 0:00:40]} Ke5 0-1

[Event "Cellavision Cup 2018"]
[Site "Lund"]
[Date "2018.08.04"]
[Round "6"]
[White "Dragicevic, Drazen"]
[Black "Gritsak, Orest"]
[Result "1/2-1/2"]
[WhiteElo "2339"]
[BlackElo "2464"]
[Annotator "ChessBase"]
[PlyCount "56"]
[EventDate "2018.08.03"]
[EventType "swiss"]
[EventCountry "SWE"]
[SourceTitle "playchess.com"]
[Source "ChessBase"]
[SourceQuality "1"]
[TimeControl "5400+30"]

1. Nf3 {[%emt 0:00:00]} e6 {[%emt 0:01:15]} 2. g3 {[%emt 0:01:26]} b5 {[%emt 0:00:30]} 3. Bg2 {[%emt 0:01:36]} Bb7 {[%emt 0:00:47]} 4. O-O {[%emt 0:01:36]} c5 {[%emt 0:02:28]} 5. a4 {[%emt 0:16:12]} b4 {[%emt 0:01:30]} 6. a5 {[%emt 0:00:24]} Na6 {[%emt 0:06:50]} 7. c3 {[%emt 0:12:24]} Nf6 {[%emt 0:05:51]} 8. d4 {[%emt 0:01:45]} h6 {[%emt 0:07:44]} 9. Re1 {[%emt 0:03:30]} cxd4 {[%emt 0:09:44]} 10. cxd4 {[%emt 0:00:54]} Be7 {[%emt 0:01:34]} 11. Qd3 {[%emt 0:04:43]} O-O {[%emt 0:05:46]} 12. Nbd2 {[%emt 0:04:55]} Nc7 {[%emt 0:04:52]} 13. Nb3 {[%emt 0:13:29]} Be4 {[%emt 0:08:03]} 14. Qd1 {[%emt 0:03:39]} Rc8 {[%emt 0:00:54]} 15. Ne5 {[%emt 0:03:36]} Bxg2 {[%emt 0:08:58]} 16. Kxg2 {[%emt 0:00:02]} Qe8 {[%emt 0:00:15]} 17. Nd3 {[%emt 0:03:47]} Na6 {[%emt 0:04:20]} 18. Bd2 {[%emt 0:03:00]} d5 {[%emt 0:00:39]} 19. Qb1 {[%emt 0:05:11]} Ne4 {[%emt 0:05:03]} 20. f3 {[%emt 0:04:27]} Nxd2 {[%emt 0:01:16]} 21. Nxd2 {[%emt 0:00:02]} Qb5 {[%emt 0:00:38]} 22. Nb3 {[%emt 0:00:46]} Bd6 {[%emt 0:00:44]} 23. Qa2 {[%emt 0:05:26]} Rc2 {[%emt 0:00:12]} 24. Kf1 {[%emt 0:00:14]} Rfc8 {[%emt 0:01:56]} 25. Qa4 {[%emt 0:03:06]} Qxa4 {[%emt 0:04:27]} 26. Rxa4 {[%emt 0:00:01]} f6 {[%emt 0:00:25]} 27. f4 {[%emt 0:01:09]} g5 {[%emt 0:00:20]} 28. Raa1 {[%emt 0:00:34]} Kf7 {[%emt 0:01:48]} 1/2-1/2